000 00596nam a22001217a 4500
008 110614t xxu||||| |||| 00| 0 eng d
010 _aSCCAF21
245 _aSupreme Court Criminal Appeal No. 25 OF 2002 Walakira Abas and 2 others Vs Uganda
260 _c2002
500 _aCoram: Odoki, CJ, Oder, Tsekooko, Karokora, and Mulenga, JJ.S.C.
500 _aAppeal from the judgement of the Court of Appeal Kato, Okello and Engwau JJ.A. at Kampala, dated 22nd May 2002 in Criminal Appeal No.49 of 2001
999 _c2915
_d2915